000 00954nam a2200205Ia 4500
003 Ost
005 20260507075028.0
008 260507s9999||||xx |||||||||||||| ||und||
040 _cfsecg
041 _aara
082 _a330
100 _aكوتلر، فيليب
_eمؤلف
245 0 _aالتسويق :
_bتطوره-مسؤوليته الأخلاقية-استراتيجيته /
_c فيليب كوتلر
260 _aدمشق:
_bدار علاء الدين,
_c2003
300 _a277 صفحة؛
_bإيضاحات ؛
_c24 سم
520 _aالتسويق والعالم المتغير تلبية الاحتياجات الإنسانية،التسويق والمجتمع المسؤولية الإجتماعية وأخلاقية التسويق،التخطيط الإستراتيجي للتسويق
653 _aالتسويق-الجوانب الإجتماعية
700 _aسوندرز، جون وأخرون
_eمؤلف ثانوي
942 _cكتاب
999 _c42354
_d42354